Disunity in Christ : (Record no. 21341)

MARC details
000 -LEADER
fixed length control field 01049cam a2200325 i 4500
001 - CONTROL NUMBER
control field 17867866
003 - CONTROL NUMBER IDENTIFIER
control field OSt
005 - DATE AND TIME OF LATEST TRANSACTION
control field 20260313100400.0
008 - FIXED-LENGTH DATA ELEMENTS--GENERAL INFORMATION
fixed length control field 130828s2013 ilu 000 0 eng
010 ## - LIBRARY OF CONGRESS CONTROL NUMBER
LC control number 2013024551
020 ## - INTERNATIONAL STANDARD BOOK NUMBER
International Standard Book Number 9780830844036
Qualifying information pbk. : alk. paper
020 ## - INTERNATIONAL STANDARD BOOK NUMBER
Canceled/invalid ISBN 9780830864959 (digital)
035 ## - SYSTEM CONTROL NUMBER
System control number 17867866
040 ## - CATALOGING SOURCE
Original cataloging agency DLC
Language of cataloging eng
Transcribing agency DLC
Description conventions rda
Modifying agency DLC
042 ## - AUTHENTICATION CODE
Authentication code pcc
050 00 - LIBRARY OF CONGRESS CALL NUMBER
Classification number BV601.5
Item number .C54 2013
082 00 - DEWEY DECIMAL CLASSIFICATION NUMBER
Classification number 262/.72
Edition number 23
100 1# - MAIN ENTRY--PERSONAL NAME
Personal name Cleveland, Christena,
Dates associated with a name 1980-
245 10 - TITLE STATEMENT
Title Disunity in Christ :
Remainder of title uncovering the hidden forces that keep us apart /
Statement of responsibility, etc. Christena Cleveland.
264 #1 - PRODUCTION, PUBLICATION, DISTRIBUTION, MANUFACTURE, AND COPYRIGHT NOTICE
Place of production, publication, distribution, manufacture Downers Grove, Illinois :
Name of producer, publisher, distributor, manufacturer IVP Books,
Date of production, publication, distribution, manufacture, or copyright notice [2013]
300 ## - PHYSICAL DESCRIPTION
Extent 220 pages ;
Dimensions 21 cm
336 ## - CONTENT TYPE
Content type term text
Source rdacontent
337 ## - MEDIA TYPE
Media type term unmediated
Source rdamedia
338 ## - CARRIER TYPE
Carrier type term volume
Source rdacarrier
650 #0 - SUBJECT ADDED ENTRY--TOPICAL TERM
Topical term or geographic name as entry element Church
General subdivision Unity.
650 #0 - SUBJECT ADDED ENTRY--TOPICAL TERM
Topical term or geographic name as entry element Church controversies.
906 ## - LOCAL DATA ELEMENT F, LDF (RLIN)
a 7
b cbc
c orignew
d 1
e ecip
f 20
g y-gencatlg
942 ## - ADDED ENTRY ELEMENTS (KOHA)
Source of classification or shelving scheme Library of Congress Classification
Koha item type General Collection
Holdings
Withdrawn status Lost status Source of classification or shelving scheme Not for loan Home library Current library Shelving location Date acquired Source of acquisition Inventory number Total Checkouts Full call number Barcode Date last seen Copy number Price effective from Koha item type
    Library of Congress Classification   Kabarak, Main Campus Kabarak, Main Campus General Stacks 13/03/2026 Donation 2025/3476   BV601.5 .C54 2013 C.1 38480 13/03/2026 C.1 13/03/2026 General Collection
Designed with assistance from East African Informatics Ltd